ARRUPE JESUIT UNIVERSITY

CORONAVIRUS -STOP THE SPREAD - CLEAN,DISINFECT,COVER

Histories of the hanged (Record no. 61619)

MARC details
000 -LEADER
fixed length control field 00583nam a2200241Ia 4500
003 - CONTROL NUMBER IDENTIFIER
control field 0100
005 - DATE AND TIME OF LATEST TRANSACTION
control field 20170523090925.0
008 - FIXED-LENGTH DATA ELEMENTS--GENERAL INFORMATION
fixed length control field 130303s9999 xx 000 0 und d
020 ## - INTERNATIONAL STANDARD BOOK NUMBER
International Standard Book Number 0297847198
040 ## - CATALOGING SOURCE
Transcribing agency ARRUPELIB
050 ## - LIBRARY OF CONGRESS CALL NUMBER
Classification number DT433.577A53 2005
300 ## - PHYSICAL DESCRIPTION
Other physical details 406p. 22cm.
100 ## - MAIN ENTRY--PERSONAL NAME
Personal name Anderson, David
9 (RLIN) 30928
245 ## - TITLE STATEMENT
Title Histories of the hanged
245 ## - TITLE STATEMENT
Remainder of title Britain' dirty war in Kenya and the end of empire
260 ## - PUBLICATION, DISTRIBUTION, ETC. (IMPRINT)
Name of publisher, distributor, etc Phoenix
Place of publication, distribution, etc London
Date of publication, distribution, etc 2005
300 ## - PHYSICAL DESCRIPTION
Extent viii
650 ## - SUBJECT ADDED ENTRY--TOPICAL TERM
Topical term or geographic name as entry element Kenya
General subdivision History
-- Mau Mau Emergency
9 (RLIN) 30752
942 ## - ADDED ENTRY ELEMENTS (KOHA)
Source of classification or shelving scheme Library of Congress Classification
Koha item type Monograph ( Printed materials)
Holdings
Withdrawn status Lost status Source of classification or shelving scheme Damaged status Not for loan Collection code Home library Current library Shelving location Date acquired Total Checkouts Full call number Barcode Date last seen Copy number Price effective from Koha item type
    Library of Congress Classification     Main Collection ARRUPE LIBRARY ARRUPE LIBRARY Main Collection 05/03/2013   DT433.577 A53 2005 46003093868 07/12/2017 1 05/03/2013 Monograph ( Printed materials)
    Library of Congress Classification     Main Collection ARRUPE LIBRARY ARRUPE LIBRARY Main Collection 05/03/2013   DT433.577 A53 2005 46003094946 07/12/2017 2 05/03/2013 Monograph ( Printed materials)
    Library of Congress Classification     Main Collection ARRUPE LIBRARY ARRUPE LIBRARY Main Collection 08/10/2020   DT433.577 A53 2005 46600008312 08/10/2020   08/10/2020 Monograph ( Printed materials)

 

Arrupe Library. PO Box MP320 Mt Pleasant, Harare, Zimbabwe
263 242 745411|librarian@aju.ac.zw